Normale Ansicht MARC-Ansicht ISBD

725 Jahre Hohenwalde: (Titelsatznr. 80636)

[ MARC ]
MARC-Details
000 -Satzkennung
Kontrollfeld mit fester Länge 00499nam a2200169 4500
008 - Feld mit fester Länge zur physischen Beschreibung - Allgemeine Angaben
Kontrollfeld mit fester Länge 210202b ||||| |||| 00| 0 eng d
040 ## - Katalogisierungsquelle
Original-Katalogisierungsstelle STAFF
041 ## - Sprachcode
Sprachcode des Textes/der Tonspur oder des separaten Titels ger
100 ## - Haupteintragung - Personenname
Personenname Skirde, Hannelore:
245 ## - Titel
Titel 725 Jahre Hohenwalde:
Zusatz zum Titel [1294 - 2019] Festschrift /
Verfasserangabe etc. [Hannelore Skirde]
260 ## - Publikation, Vertrieb usw. (Erscheinungsvermerk)
Erscheinungsort, Vertriebsort etc. [Frankfurt (Oder)]:
Name des Verlags, des Vertriebs etc. Heimatverein Hohenwalde
300 ## - Physische Beschreibung
Umfang 56 S.:
Andere physische Details zahlr. Abb.
653 ## - Indexierungsterm - Nicht normiert
Nicht-normierter Term Frankfurt (Oder) <Ortsteil Hohenwalde>
653 ## - Indexierungsterm - Nicht normiert
Nicht-normierter Term Ortschronik
653 ## - Indexierungsterm - Nicht normiert
Nicht-normierter Term 1294-2019
942 ## - Zusätzliche Felder (Koha)
Klassifikation oder Aufstellungssystematik Andere/Generische Klassifikation
Koha-Medientyp Bücher
Exemplare
Ausgeschieden Verloren Klassifikation oder Aufstellungssystematik Beschädigt Nicht entleihbar Permanenter Standort Aktueller Standort Aufstellungsort Erwerbungsdatum Kodierter Standort-Qualifier Anzahl Ausleihen Signatur Letzte Aktivität Exemplarnummer Preis gültig von Medientyp
    Andere/Generische Klassifikation     Stadtarchiv Frankfurt (Oder) | Archivbibliothek Stadtarchiv Frankfurt (Oder) | Archivbibliothek Magazin 02/02/2021 M   II: 5000 02/02/2021 247/2020 02/02/2021 Bücher